000 00457 a2200169 4500
005 20260325121630.0
008 260325b |||||||| |||| 00| 0 eng d
020 _a9781041028819
040 _cSDCL
041 _2eng
_aeng
084 _aW.1 R5
100 _aMahajan, Anupama puri
245 _aPublic Governance Dynamics :
_bComparative Administrative Systems
260 _aLondon :
_bRoutledge,
_c2025.
300 _axii, 271p.
942 _cTEXL
_2CC
999 _c1768409
_d1768409